[Event "Montcalm 4 2019-20"]
[Site "Quebec CAN"]
[Date "2020.01.16"]
[Round "2"]
[White "Sarra-Bournet, Marc"]
[Black "Lapierre, Gaetan"]
[Result "0-1"]
[WhiteElo "1771"]
[BlackElo "1908"]
[PlyCount "92"]
[EventDate "2020.01.09"]
[EventType "swiss"]
[EventRounds "5"]
[EventCountry "CAN"]

1. e4 d5 2. exd5 Nf6 3. d4 Nxd5 4. c4 Nf6 5. Nf3 g6 6. Be2 Bg7 7. O-O O-O 8.
Nc3 c6 9. Qb3 Qb6 10. Qxb6 axb6 11. Bf4 Na6 12. d5 cxd5 13. cxd5 Nb4 14. d6 e6
15. d7 Bxd7 16. Bd6 Nfd5 17. Nxd5 Nxd5 18. Bxf8 Kxf8 19. Ng5 h6 20. Ne4 Bxb2
21. Rab1 Bg7 22. Bc4 Bc6 23. Rfe1 Ke7 24. Rbd1 f5 25. Bxd5 exd5 26. Ng3+ Kd6
27. Re2 Re8 28. Rde1 Rxe2 29. Nxe2 g5 30. Ng3 Bd7 31. Rb1 b5 32. Ne2 f4 33. f3
Bc6 34. Kf2 Kc5 35. Ke1 d4 36. Kd2 Bd5 37. Rc1+ Bc4 38. a3 Bf8 39. Rc2 d3 40.
Rxc4+ bxc4 41. Nc3 b5 42. Nb1 Kd4 43. Nc3 b4 44. Nb5+ Kc5 45. a4 Bg7 46. h3 b3
0-1

[Event "Montcalm 4 2019-20"]
[Site "Quebec CAN"]
[Date "2020.01.23"]
[Round "3"]
[White "Fecteau, Martin"]
[Black "Gaudreau, Eric"]
[Result "1-0"]
[WhiteElo "1874"]
[BlackElo "1596"]
[PlyCount "155"]
[EventDate "2020.01.09"]
[EventType "swiss"]
[EventRounds "5"]
[EventCountry "CAN"]

1. Nf3 Nf6 2. d3 g6 3. e4 d6 4. Nc3 Bg7 5. d4 Nbd7 6. Bd3 c6 7. O-O O-O 8. h3
e5 9. dxe5 dxe5 10. Be3 Qc7 11. Qe2 Rd8 12. Bc4 h6 13. Rad1 Nh5 14. Qd2 Nf4 15.
Rfe1 Re8 16. Ne2 g5 17. Ng3 Nf8 18. c3 Be6 19. Bxe6 fxe6 20. Kh2 Rad8 21. Qc2
b6 22. Nf1 Qf7 23. Ng1 Qh5 24. Ng3 Qf7 25. Rd2 Rxd2 26. Qxd2 N8g6 27. N3e2 Re7
28. g3 Nh5 29. Nc1 Nf6 30. Qc2 Nf8 31. f3 Qh5 32. g4 Qf7 33. Nce2 Ng6 34. Bf2
Rd7 35. Bg3 Bf8 36. Rd1 Bc5 37. b4 Be3 38. Rd3 Bf4 39. Qd1 Bxg3+ 40. Kxg3 Nf4
41. Rxd7 Qxd7 42. Qxd7 Nxd7 43. h4 Kg7 44. hxg5 hxg5 45. Kf2 Nd3+ 46. Ke3 Nb2
47. Nc1 Nc4+ 48. Kd3 Nb2+ 49. Kc2 Nc4 50. Nd3 Kf6 51. Nb2 Ne3+ 52. Kd3 Ng2 53.
Kc4 Nf4 54. a4 Ke7 55. Nd1 Kd6 56. Nf2 Nf6 57. Nfh3 Nh7 58. Kb3 a6 59. Kc2 c5
60. Kd2 Ng2 61. Ne2 Nh4 62. Nhg1 Ng6 63. Ng3 Ne7 64. b5 axb5 65. axb5 c4 66.
Nh5 Ng6 67. Ng7 Nf4 68. Ne2 Nf8 69. Ng3 Kc5 70. N3h5 Kxb5 71. Ne8 Kc5 72. Nc7
b5 73. Na6+ Kb6 74. Nb4 Nd7 75. Ng7 Ka5 76. Kc2 Nc5 77. Nc6+ Ka4 78. Nxe5 1-0

[Event "Montcalm 4 2019-20"]
[Site "Quebec CAN"]
[Date "2020.01.23"]
[Round "3"]
[White "Labrecque, Rejean"]
[Black "Servant, Michel"]
[Result "1-0"]
[WhiteElo "1786"]
[BlackElo "1573"]
[PlyCount "185"]
[EventDate "2020.01.09"]
[EventType "swiss"]
[EventRounds "5"]
[EventCountry "CAN"]

1. d4 d5 2. c4 e6 3. Nf3 Nf6 4. Nc3 Be7 5. e3 dxc4 6. Bxc4 O-O 7. O-O c6 8. Bb3
Nbd7 9. Bc2 Qc7 10. b3 Rd8 11. Bb2 b6 12. Qe2 a5 13. Rfd1 Ba6 14. Bd3 Bxd3 15.
Rxd3 b5 16. Rc1 Qb7 17. Rdd1 a4 18. e4 Bb4 19. d5 Bxc3 20. dxc6 Qxc6 21. Rxc3
Qb7 22. Rcd3 Nxe4 23. Rxd7 Rxd7 24. Rxd7 Qxd7 25. Qxe4 Qd1+ 26. Qe1 Qc2 27. Qc3
Qb1+ 28. Ne1 f6 29. Kf1 Qxa2 30. bxa4 Qxa4 31. Qc6 Qc4+ 32. Qxc4 bxc4 33. Bc1
Ra1 34. Be3 e5 35. Ke2 Ra2+ 36. Kd1 Kf7 37. Nc2 Ke6 38. Kd2 Ra8 39. Kc3 Rc8 40.
Nb4 f5 41. f3 g6 42. f4 e4 43. Kd4 c3 44. Nc2 Rc6 45. Bf2 Rc8 46. Be1 Rc6 47.
Bxc3 Rd6+ 48. Kc4 Rd3 49. Ne1 Rd7 50. Bb4 Rc7+ 51. Bc5 Rd7 52. Kb3 Rd1 53. Bb4
Rb1+ 54. Ka3 Kd5 55. Bc3 Kc4 56. Ka2 Rb7 57. Bb2 Rb5 58. Kb1 Rd5 59. Kc2 Rd7
60. Bc3 Ra7 61. Bb2 Rb7 62. Be5 Rb3 63. Kd2 Rb1 64. Ke2 Rc1 65. h3 Rb1 66. g4
Rb3 67. gxf5 gxf5 68. h4 Rh3 69. Ng2 Ra3 70. Ne3+ Kb5 71. Nxf5 Ra2+ 72. Ke3 Ra4
73. Nd4+ Kb6 74. Kxe4 Ra2 75. Kf5 Rh2 76. Bf6 Kc5 77. Ne6+ Kd5 78. Nf8 h6 79.
Nd7 Ra2 80. Ne5 h5 81. Bg5 Rc2 82. Kg6 Rc8 83. Kxh5 Ke6 84. Kg4 Rh8 85. h5 Rh7
86. Ng6 Kf7 87. f5 Kg7 88. h6+ Kf7 89. Kh5 Kg8 90. Ne5 Rb7 91. Kg6 Rb6+ 92. f6
Rb7 93. f7+ 1-0

[Event "Montcalm 4 2019-20"]
[Site "Quebec CAN"]
[Date "2020.01.23"]
[Round "3"]
[White "Lapierre, Gaetan"]
[Black "Caire, Francois"]
[Result "0-1"]
[WhiteElo "1908"]
[BlackElo "2237"]
[PlyCount "28"]
[EventDate "2020.01.09"]
[EventType "swiss"]
[EventRounds "5"]
[EventCountry "CAN"]

1. e4 c5 2. b4 cxb4 3. d4 d5 4. e5 Bf5 5. Bb5+ Nc6 6. Bxc6+ bxc6 7. a3 Qa5 8.
Qd2 e6 9. Bb2 Qa4 10. Kd1 bxa3 11. Nxa3 Rb8 12. Kc1 Bb4 13. c3 Bxa3 14. Rxa3
Qxa3 0-1

[Event "Montcalm 4 2019-20"]
[Site "Quebec CAN"]
[Date "2020.01.23"]
[Round "3"]
[White "Le-Huu, Pascal"]
[Black "Bluteau, Yvon"]
[Result "0-1"]
[WhiteElo "1350"]
[BlackElo "1814"]
[PlyCount "66"]
[EventDate "2020.01.09"]
[EventType "swiss"]
[EventRounds "5"]
[EventCountry "CAN"]

1. d4 Nf6 2. Bf4 b6 3. Nf3 Bb7 4. Nbd2 d5 5. e3 Nbd7 6. c3 e6 7. Qa4 Be7 8. Ba6
Bxa6 9. Qxa6 O-O 10. Qd3 c5 11. Ne5 Nxe5 12. dxe5 Nh5 13. Bg3 Qc7 14. f4 Nxg3
15. hxg3 g6 16. Nf3 f6 17. O-O-O c4 18. Qc2 b5 19. a3 a5 20. Rh3 f5 21. Rdh1
Rf7 22. Nh4 Bxh4 23. Rxh4 Qb6 24. Qe2 b4 25. Kd2 bxc3+ 26. bxc3 Qb2+ 27. Ke1
Qxc3+ 28. Kf2 Rb8 29. Qd1 Rb2+ 30. Kf3 Qxa3 31. Re1 Qd3 32. Qxd3 cxd3 33. Rhh1
Rc7 0-1

[Event "Montcalm 4 2019-20"]
[Site "Quebec CAN"]
[Date "2020.01.23"]
[Round "3"]
[White "Lescarbeau, Martin"]
[Black "Cournoyer, Dominic"]
[Result "0-1"]
[WhiteElo "1706"]
[BlackElo "1929"]
[PlyCount "70"]
[EventDate "2020.01.09"]
[EventType "swiss"]
[EventRounds "5"]
[EventCountry "CAN"]

1. d4 Nf6 2. c4 c6 3. Nc3 d5 4. e3 Bf5 5. cxd5 Nxd5 6. Qb3 Nb6 7. Nf3 e6 8. e4
Bg6 9. h4 Bh5 10. Be3 Bxf3 11. gxf3 N8d7 12. O-O-O Qc7 13. Kb1 O-O-O 14. d5
exd5 15. exd5 Nc5 16. Bxc5 Bxc5 17. Bh3+ Kb8 18. Ne4 cxd5 19. Nxc5 Qxc5 20. Rd2
Rhe8 21. Rc1 Qe7 22. a4 Nc4 23. Rdc2 Qxh4 24. Bf1 Rc8 25. Qb5 Red8 26. a5 a6
27. Qb3 Qd4 28. Bxc4 dxc4 29. Rxc4 Rxc4 30. Rxc4 Qd3+ 31. Qc2 Qxc2+ 32. Kxc2
Rc8 33. Kd3 Rxc4 34. Kxc4 Kc7 35. Kd5 h5 0-1

[Event "Montcalm 4 2019-20"]
[Site "Quebec CAN"]
[Date "2020.01.23"]
[Round "3"]
[White "Plante, Rejean"]
[Black "Sarra-Bournet, Marc"]
[Result "1-0"]
[WhiteElo "1996"]
[BlackElo "1771"]
[PlyCount "57"]
[EventDate "2020.01.09"]
[EventType "swiss"]
[EventRounds "5"]
[EventCountry "CAN"]

1. c4 e5 2. Nc3 Nf6 3. g3 Bb4 4. Bg2 O-O 5. d3 Bxc3+ 6. bxc3 d6 7. e4 Nbd7 8.
Nf3 Nc5 9. O-O Bd7 10. Nh4 Re8 11. h3 g6 12. Be3 Ne6 13. d4 c5 14. d5 Nf8 15.
Bg5 b5 16. f4 h6 17. Bxh6 Nh5 18. Qe1 Nh7 19. fxe5 Rxe5 20. g4 N5f6 21. Bf4
Rxe4 22. Bxe4 Nxe4 23. Nxg6 Nxc3 24. Ne7+ Kg7 25. Qxc3+ f6 26. Rae1 bxc4 27. g5
Qb6 28. gxf6+ Nxf6 29. Bg5 1-0

[Event "Montcalm 4 2019-20"]
[Site "Quebec CAN"]
[Date "2020.01.23"]
[Round "3"]
[White "Sauve, Richard"]
[Black "Dumont, Eric"]
[Result "0-1"]
[WhiteElo "1937"]
[BlackElo "1760"]
[PlyCount "28"]
[EventDate "2020.01.09"]
[EventType "swiss"]
[EventRounds "5"]
[EventCountry "CAN"]

1. d4 d5 2. c4 c6 3. Nc3 Nf6 4. e3 Nbd7 5. Nf3 g6 6. Bd3 Bg7 7. O-O O-O 8. Bd2
Re8 9. Rc1 e5 10. dxe5 Nxe5 11. Nxe5 Rxe5 12. cxd5 Nxd5 13. Nxd5 Rxd5 14. Bc4
Rxd2 0-1

[Event "Montcalm 4 2019-20"]
[Site "Quebec CAN"]
[Date "2020.01.30"]
[Round "4"]
[White "Bluteau, Yvon"]
[Black "Hebert, Andre jr"]
[Result "1-0"]
[WhiteElo "1814"]
[BlackElo "1562"]
[PlyCount "54"]
[EventDate "2020.01.09"]
[EventType "swiss"]
[EventRounds "5"]
[EventCountry "CAN"]

1. e4 Nf6 2. Nc3 d5 3. exd5 Nxd5 4. Bc4 c6 5. Nf3 g6 6. O-O Bg7 7. d4 O-O 8.
Bg5 h6 9. Bh4 Nxc3 10. bxc3 Bg4 11. Re1 g5 12. Bg3 c5 13. Qd3 Nc6 14. Ne5 Nxe5
15. Bxe5 e6 16. Bxg7 Kxg7 17. Qe4 Bf5 18. Qe5+ Qf6 19. Qxc5 Rfc8 20. Qb4 Bxc2
21. Re3 b6 22. Rf3 Qg6 23. Re1 a5 24. Qb5 Be4 25. Rfe3 Bb7 26. Bxe6 fxe6 27.
Rxe6 Qf5 1-0

[Event "Montcalm 4 2019-20"]
[Site "Quebec CAN"]
[Date "2020.01.30"]
[Round "4"]
[White "Bourdeau, Yvan"]
[Black "Hebert, Marc"]
[Result "1-0"]
[WhiteElo "1430"]
[BlackElo "1438"]
[PlyCount "51"]
[EventDate "2020.01.09"]
[EventType "swiss"]
[EventRounds "5"]
[EventCountry "CAN"]

1. d4 Nf6 2. Nf3 d5 3. Bf4 c5 4. c3 e6 5. e3 Qb6 6. Qb3 Nc6 7. Nbd2 Qxb3 8.
axb3 a6 9. Bd3 Bd7 10. O-O Be7 11. h3 h6 12. Ne5 Rc8 13. Ndf3 O-O 14. Nxc6 Bxc6
15. Ne5 Rfd8 16. Ra5 cxd4 17. exd4 Be8 18. Rfa1 Nh5 19. Bh2 g5 20. Ng4 Kg7 21.
b4 Nf4 22. Bxf4 gxf4 23. b5 f5 24. Ne5 axb5 25. Bxb5 Bh5 26. Bd7 1-0

[Event "Montcalm 4 2019-20"]
[Site "Quebec CAN"]
[Date "2020.01.30"]
[Round "4"]
[White "Caire, Francois"]
[Black "Labrecque, Rejean"]
[Result "0-1"]
[WhiteElo "2237"]
[BlackElo "1786"]
[PlyCount "70"]
[EventDate "2020.01.09"]
[EventType "swiss"]
[EventRounds "5"]
[EventCountry "CAN"]

1. g3 d5 2. Nf3 Nf6 3. Bg2 g6 4. c4 e6 5. b3 Bg7 6. Bb2 O-O 7. O-O c6 8. d3
Nbd7 9. Nbd2 Rb8 10. e4 b6 11. Re1 Bb7 12. e5 Ng4 13. cxd5 cxd5 14. h3 Nh6 15.
g4 Re8 16. Nf1 f5 17. exf6 Nxf6 18. g5 Nf5 19. gxf6 Bxf6 20. Bxf6 Qxf6 21. Ng3
e5 22. Nxf5 gxf5 23. d4 e4 24. Ne5 Re7 25. Qh5 Rg7 26. Kh1 Rg5 27. Qh4 Qg7 28.
Rg1 h6 29. f4 exf3 30. Nxf3 Rg6 31. Qf4 Rc8 32. Ne5 Rg5 33. h4 Rg3 34. Kh2 Rcc3
35. Bf3 Rc2+ 0-1

[Event "Montcalm 4 2019-20"]
[Site "Quebec CAN"]
[Date "2020.01.30"]
[Round "4"]
[White "Chabot, Sebastien"]
[Black "Sauve, Richard"]
[Result "0-1"]
[WhiteElo "1328"]
[BlackElo "1937"]
[PlyCount "86"]
[EventDate "2020.01.09"]
[EventType "swiss"]
[EventRounds "5"]
[EventCountry "CAN"]

1. d4 d5 2. Nf3 Nf6 3. c4 e6 4. Bg5 Be7 5. Nc3 O-O 6. e3 Nbd7 7. Qc2 c6 8. a3
dxc4 9. Bxc4 Nb6 10. Bxf6 Bxf6 11. Bd3 h6 12. Rd1 Qe7 13. Ne4 Rd8 14. Nxf6+
Qxf6 15. Ne5 Bd7 16. O-O Be8 17. Be4 Nd5 18. b4 Rac8 19. Rc1 a6 20. Bh7+ Kh8
21. Bd3 Qe7 22. Qe2 f6 23. Ng6+ Bxg6 24. Bxg6 f5 25. f4 Nf6 26. Rf3 Rf8 27. h4
Ne4 28. Rh3 a5 29. Qc4 axb4 30. axb4 Ra8 31. b5 cxb5 32. Qxb5 Rfc8 33. Rd1 Nc3
34. Qb3 Nxd1 35. Qxd1 Qa3 36. Kh2 Rc1 37. Qh5 Qa1 38. Kg3 Rg1 39. Qf3 Ra2 40.
Rh2 Qe1+ 41. Kh3 Ra3 42. g3 Rxe3 43. Qf2 Rgxg3+ 0-1

[Event "Montcalm 4 2019-20"]
[Site "Quebec CAN"]
[Date "2020.01.30"]
[Round "4"]
[White "Cournoyer, Dominic"]
[Black "Auger, Bertrand"]
[Result "1/2-1/2"]
[WhiteElo "1929"]
[BlackElo "1910"]
[PlyCount "75"]
[EventDate "2020.01.09"]
[EventType "swiss"]
[EventRounds "5"]
[EventCountry "CAN"]

1. c4 b6 2. Nf3 Nf6 3. d4 e6 4. Bf4 Bb4+ 5. Nc3 O-O 6. e3 Bb7 7. Be2 Ne4 8. Qc2
c5 9. O-O f5 10. Nxe4 fxe4 11. Ng5 cxd4 12. Nxe4 e5 13. Bg5 Bxe4 14. Qxe4 Qxg5
15. Qd5+ Kh8 16. Qxa8 Nc6 17. Qb7 dxe3 18. f4 exf4 19. Qxd7 Ne5 20. Qd5 Bc5 21.
Kh1 Rd8 22. Qe4 Ng6 23. Rad1 Rf8 24. Rd5 Qf6 25. Qc2 Ne7 26. Rd7 Nc6 27. b3 a5
28. Rd5 Nd4 29. Qd1 Ne6 30. Bg4 Nd4 31. Be2 Ne6 32. Qd3 Nd4 33. Rh5 g6 34. Rd5
Nc6 35. Qb1 Ne5 36. Qe4 Nc6 37. Qb1 Nd4 38. Qd1 1/2-1/2

[Event "Montcalm 4 2019-20"]
[Site "Quebec CAN"]
[Date "2020.01.30"]
[Round "4"]
[White "Dumont, Eric"]
[Black "Lapierre, Gaetan"]
[Result "1-0"]
[WhiteElo "1760"]
[BlackElo "1908"]
[PlyCount "104"]
[EventDate "2020.01.09"]
[EventType "swiss"]
[EventRounds "5"]
[EventCountry "CAN"]

1. d4 Nf6 2. Bf4 b6 3. e3 Bb7 4. h3 e6 5. Nf3 Be7 6. Be2 O-O 7. c4 d5 8. Nc3 c5
9. O-O dxc4 10. Bxc4 Nd5 11. Bg3 cxd4 12. Qxd4 Nc6 13. Qd2 Nxc3 14. Qxc3 Bf6
15. Qc2 Qe7 16. Rad1 Rfd8 17. b3 Rac8 18. Rxd8+ Rxd8 19. Rd1 a6 20. Rxd8+ Qxd8
21. Qd3 Qxd3 22. Bxd3 Nb4 23. Bb1 Nd5 24. Be4 Bc8 25. a4 Nc3 26. Bd3 Bb7 27.
Bc7 b5 28. axb5 Nxb5 29. Ba5 Bd5 30. Nd2 Bc3 31. Bxc3 Nxc3 32. Bxa6 Kf8 33. f3
Ke7 34. e4 Bc6 35. Kf2 Kd6 36. Nc4+ Kc5 37. Ne5 Be8 38. Ke3 Kb4 39. Bc4 Nb5 40.
Kd2 Nd4 41. Nd3+ Ka5 42. Kc3 Ne2+ 43. Kb2 Nd4 44. Ne5 Kb4 45. f4 Nc6 46. Nd3+
Ka5 47. g4 Nb4 48. Nc5 Bc6 49. e5 Nd5 50. f5 exf5 51. gxf5 Kb6 52. Nd3 Ne7 1-0

[Event "Montcalm 4 2019-20"]
[Site "Quebec CAN"]
[Date "2020.01.30"]
[Round "4"]
[White "Fecteau, Martin"]
[Black "Plante, Rejean"]
[Result "1/2-1/2"]
[WhiteElo "1874"]
[BlackElo "1996"]
[PlyCount "140"]
[EventDate "2020.01.09"]
[EventType "swiss"]
[EventRounds "5"]
[EventCountry "CAN"]

1. Nf3 c5 2. g3 d5 3. Bg2 Nf6 4. c4 d4 5. d3 g6 6. b4 cxb4 7. Qa4+ Bd7 8. Qxb4
Bc6 9. O-O e5 10. Qb2 Nbd7 11. Nbd2 Bd6 12. Nb3 O-O 13. Bh6 Re8 14. Qc1 Rc8 15.
Bd2 b6 16. Qb2 Nc5 17. Nxc5 Bxc5 18. Bg5 Qd6 19. Bxf6 Qxf6 20. Nd2 Bxg2 21.
Kxg2 Qe7 22. a3 f5 23. f3 Qb7 24. h4 Bf8 25. g4 Qe7 26. Rh1 Qe6 27. Kh3 Rc7 28.
Rhg1 Rg7 29. Rg2 Ree7 30. g5 h6 31. Kh2 hxg5 32. hxg5 Rh7+ 33. Kg1 Rh5 34. Kf2
Reh7 35. Rag1 Qd6 36. a4 Be7 37. Qb5 Rf7 38. Qe8+ Rf8 39. Qb5 Kg7 40. Ke1 Rc8
41. Qb2 Qd8 42. f4 exf4 43. Nf3 Bc5 44. Kd1 Qd7 45. Qb3 Re8 46. Kc2 Re3 47. Qb5
Qe7 48. Kd1 Rh3 49. Rf1 a5 50. Qc6 Rh8 51. Qb5 Qd6 52. Kc2 Rhe8 53. Rff2 Qe7
54. Kd1 Rh8 55. Rh2 Re8 56. Qb2 Qd6 57. Qb5 R3e7 58. Qb2 Qd7 59. Qb5 Qd8 60.
Rh6 Rh8 61. Rfh2 Rxh6 62. Rxh6 Re6 63. Qa6 Qd7 64. Qb5 Qd8 65. Rh2 Re8 66. Qc6
Qe7 67. Qd5 Qe6 68. Qxe6 Rxe6 69. Rh4 Re8 70. Rxf4 Rd8 1/2-1/2

[Event "Montcalm 4 2019-20"]
[Site "Quebec CAN"]
[Date "2020.01.30"]
[Round "4"]
[White "Servant, Michel"]
[Black "Perreault, Jacquelin"]
[Result "1-0"]
[WhiteElo "1573"]
[BlackElo "1740"]
[PlyCount "83"]
[EventDate "2020.01.09"]
[EventType "swiss"]
[EventRounds "5"]
[EventCountry "CAN"]

1. c4 f5 2. d4 Nf6 3. Nc3 e6 4. g3 Bb4 5. Bg5 h6 6. Bxf6 Qxf6 7. Bg2 Bxc3+ 8.
bxc3 O-O 9. e3 d6 10. Rb1 c6 11. Ne2 b6 12. Qb3 d5 13. cxd5 Bd7 14. Nf4 Re8 15.
O-O Kh8 16. dxe6 Bxe6 17. Nxe6 Qxe6 18. d5 Qd6 19. Rfd1 c5 20. Qc2 Rf8 21. Bh3
g6 22. c4 Nd7 23. f4 Rae8 24. Re1 Nf6 25. Qc3 Kh7 26. Bg2 Ne4 27. Bxe4 Rxe4 28.
a4 Rf7 29. Kf2 Rfe7 30. Rb3 g5 31. h3 Qg6 32. a5 gxf4 33. gxf4 Qh5 34. Qf6 Rg7
35. Rh1 Rge7 36. axb6 axb6 37. Rg1 Ra7 38. Rbb1 Rxc4 39. d6 Rd7 40. Qf8 Qh4+
41. Rg3 Qh5 42. Qg8# 1-0

[Event "Montcalm 4 2019-20"]
[Site "Quebec CAN"]
[Date "2020.02.06"]
[Round "5"]
[White "Auger, Bertrand"]
[Black "Caire, Francois"]
[Result "0-1"]
[WhiteElo "1910"]
[BlackElo "2237"]
[PlyCount "104"]
[EventDate "2020.01.09"]
[EventType "swiss"]
[EventRounds "5"]
[EventCountry "CAN"]

1. Nf3 f5 2. g3 Nf6 3. Bg2 e6 4. O-O Be7 5. c4 O-O 6. Nc3 d6 7. d4 Ne4 8. Qc2
Nxc3 9. Qxc3 Bf6 10. Qd2 e5 11. dxe5 dxe5 12. Qxd8 Rxd8 13. Bg5 Nc6 14. Bxf6
gxf6 15. e3 Be6 16. b3 Ne7 17. Rfd1 a5 18. a4 Kf7 19. Kf1 c6 20. Ke1 Rab8 21.
Bf1 f4 22. gxf4 exf4 23. e4 Bg4 24. Be2 Bxf3 25. Bxf3 Ng6 26. Bh5 Ke6 27. Bg4+
Ke7 28. Bf5 Ne5 29. Ke2 h6 30. h4 b6 31. Rg1 Rd3 32. Rg7+ Kf8 33. Rag1 f3+ 34.
Ke1 Rxb3 35. Rg8+ Ke7 36. R1g7+ Kd6 37. Rxb8 Rb1+ 38. Kd2 Nxc4+ 39. Kc2 Rf1 40.
Rd7+ Kc5 41. Rd2 Nxd2 42. Kxd2 Rxf2+ 43. Ke3 Ra2 44. Kxf3 Rxa4 45. Rf8 Rd4 46.
Rxf6 a4 47. e5 a3 48. Be4 a2 49. Rxc6+ Kb4 50. Rxb6+ Ka5 51. Rb8 Ra4 52. Bc2
Ra3+ 0-1

[Event "Montcalm 4 2019-20"]
[Site "Quebec CAN"]
[Date "2020.02.06"]
[Round "5"]
[White "Cournoyer, Dominic"]
[Black "Fecteau, Martin"]
[Result "1-0"]
[WhiteElo "1929"]
[BlackElo "1874"]
[PlyCount "109"]
[EventDate "2020.01.09"]
[EventType "swiss"]
[EventRounds "5"]
[EventCountry "CAN"]

1. c4 c5 2. Nf3 Nc6 3. d4 cxd4 4. Nxd4 Nf6 5. Nxc6 bxc6 6. g3 g6 7. Bg2 Bg7 8.
O-O O-O 9. Nc3 Rb8 10. Qc2 Qc7 11. Bd2 d6 12. Rac1 Be6 13. c5 Rfc8 14. Rfd1 Ne8
15. cxd6 exd6 16. b3 Bf5 17. e4 Bg4 18. Re1 Qd7 19. Bf4 Bh3 20. Bxh3 Qxh3 21.
Red1 Rd8 22. Ne2 Rbc8 23. Nd4 c5 24. Nb5 Qd7 25. Nxd6 Nxd6 26. Rxd6 Qe7 27.
Rcd1 Bd4 28. Rxd8+ Rxd8 29. Kg2 g5 30. Bc1 Re8 31. h3 h6 32. f3 Qe5 33. Rd2 h5
34. Re2 h4 35. gxh4 gxh4 36. Kh1 Re6 37. f4 Qh5 38. Rg2+ Kh8 39. Qe2 Qh7 40. f5
Re8 41. Qg4 Bf6 42. Bg5 Bxg5 43. Qxg5 Rg8 44. Qf6+ Rg7 45. Rxg7 Qxg7 46. Qxh4+
Qh7 47. Qxh7+ Kxh7 48. Kg2 Kh6 49. Kf3 Kg5 50. Ke3 f6 51. Kf3 a5 52. Ke3 Kh5
53. Kf4 a4 54. e5 axb3 55. axb3 1-0

[Event "Montcalm 4 2019-20"]
[Site "Quebec CAN"]
[Date "2020.02.06"]
[Round "5"]
[White "Hebert, Andre jr"]
[Black "Lescarbeau, Martin"]
[Result "0-1"]
[WhiteElo "1562"]
[BlackElo "1706"]
[PlyCount "52"]
[EventDate "2020.01.09"]
[EventType "swiss"]
[EventRounds "5"]
[EventCountry "CAN"]

1. e4 e5 2. Nf3 Nc6 3. Bb5 a6 4. Ba4 Nf6 5. O-O Be7 6. Re1 b5 7. Bb3 O-O 8. Nc3
d6 9. d3 Na5 10. h3 c5 11. Bd5 Ra7 12. a4 b4 13. Ne2 Nxd5 14. exd5 Bb7 15. c4
bxc3 16. Nxc3 f5 17. Bd2 Qb6 18. Qc2 Nb3 19. Ra3 Nd4 20. Qd1 Qxb2 21. Ra2 Qb6
22. a5 Qd8 23. Qb1 Nxf3+ 24. gxf3 f4 25. Rb2 Bc8 26. Kh2 Qd7 0-1

[Event "Montcalm 4 2019-20"]
[Site "Quebec CAN"]
[Date "2020.02.06"]
[Round "5"]
[White "Labrecque, Rejean"]
[Black "Dumont, Eric"]
[Result "1/2-1/2"]
[WhiteElo "1786"]
[BlackElo "1760"]
[PlyCount "95"]
[EventDate "2020.01.09"]
[EventType "swiss"]
[EventRounds "5"]
[EventCountry "CAN"]

1. d4 d5 2. c4 c6 3. Nc3 Nf6 4. e3 g6 5. Nf3 Bg7 6. Bd3 O-O 7. O-O Nbd7 8. cxd5
cxd5 9. Qb3 Nb6 10. h3 Bd7 11. Ne5 Be6 12. Qd1 Nbd7 13. Nf3 Ne8 14. b3 Ndf6 15.
Bb2 Nd6 16. Rc1 Nfe4 17. Qe2 Rc8 18. Rc2 Qa5 19. Rfc1 Rc6 20. Ne5 Rcc8 21. f3
Ng3 22. Qf2 Ndf5 23. e4 dxe4 24. fxe4 Nxd4 25. Qxd4 Bxe5 26. Qe3 Bd6 27. Ne2
Rxc2 28. Bxc2 Nxe2+ 29. Qxe2 Qg5 30. e5 Bc5+ 31. Kh1 Bd4 32. Bd3 Bxb2 33. Qxb2
Qe3 34. Bc4 Rc8 35. Rc2 Rc6 36. Re2 Qf4 37. Rf2 Qg5 38. Qd4 Bxc4 39. bxc4 Qc1+
40. Kh2 Qxc4 41. Qd8+ Kg7 42. Qxe7 Qe6 43. Qxb7 Qxe5+ 44. g3 Rc7 45. Qb3 Qe7
46. Qb2+ Kg8 47. Qb8+ Kg7 48. Qb2+ 1/2-1/2

[Event "Montcalm 4 2019-20"]
[Site "Quebec CAN"]
[Date "2020.02.06"]
[Round "5"]
[White "Perreault, Jacquelin"]
[Black "Gaudreau, Eric"]
[Result "1/2-1/2"]
[WhiteElo "1740"]
[BlackElo "1596"]
[PlyCount "62"]
[EventDate "2020.01.09"]
[EventType "swiss"]
[EventRounds "5"]
[EventCountry "CAN"]

1. e4 d5 2. exd5 Qxd5 3. Nf3 Nf6 4. d4 c6 5. Nc3 Qd8 6. Bd3 Bg4 7. Be3 e6 8. h3
Bxf3 9. Qxf3 Bd6 10. O-O Nbd7 11. Rfe1 O-O 12. Bg5 Qa5 13. Bh4 c5 14. Ne4 Nxe4
15. Qxe4 g6 16. Qxb7 Nb6 17. Qe4 cxd4 18. Qxd4 Qd5 19. Qxd5 Nxd5 20. Be4 Rab8
21. Bxd5 exd5 22. b3 Kg7 23. Be7 Bxe7 24. Rxe7 Rfc8 25. Rc1 a5 26. Rd7 Rc5 27.
Kf1 a4 28. c4 axb3 29. axb3 Rbc8 30. Ke2 dxc4 31. Rxc4 Rxc4 1/2-1/2

[Event "Montcalm 4 2019-20"]
[Site "Quebec CAN"]
[Date "2020.02.06"]
[Round "5"]
[White "Sauve, Richard"]
[Black "Sarra-Bournet, Marc"]
[Result "1/2-1/2"]
[WhiteElo "1937"]
[BlackElo "1771"]
[PlyCount "118"]
[EventDate "2020.01.09"]
[EventType "swiss"]
[EventRounds "5"]
[EventCountry "CAN"]

1. d4 d5 2. c4 e6 3. Nc3 Nf6 4. Bg5 Nbd7 5. cxd5 exd5 6. e3 Be7 7. Nf3 O-O 8.
Bd3 h6 9. Bf4 c6 10. O-O Re8 11. Qc2 Nf8 12. h3 Ne6 13. Be5 Bf8 14. Rfd1 Nd7
15. Rac1 Ng5 16. Nxg5 Nxe5 17. dxe5 Qxg5 18. f4 Qg3 19. Qf2 Qxf2+ 20. Kxf2 g6
21. Na4 Be7 22. Nc5 Bd8 23. b4 a5 24. b5 b6 25. Na4 c5 26. Nc3 Be6 27. Bb1 Rc8
28. Nxd5 c4 29. a4 Rc5 30. Nc3 Be7 31. Be4 Rd8 32. Rxd8+ Bxd8 33. Rd1 Be7 34.
Bc6 Kg7 35. Ne4 c3 36. Nxc5 Bxc5 37. Rc1 Bb4 38. Be4 Bb3 39. Bc2 Ba3 40. Ra1
Bb2 41. Bxb3 Bxa1 42. Ke2 Kf8 43. Kd3 Ke7 44. g4 Bb2 45. e4 Bc1 46. f5 Bf4 47.
f6+ Ke8 48. Kd4 Bg3 49. Kd5 Kd7 50. e6+ fxe6+ 51. Kd4 Kd6 52. f7 Be5+ 53. Kd3
Bg7 54. f8=Q+ Bxf8 55. Kxc3 Bg7+ 56. Kd3 Bf6 57. Kc4 Ke5 58. Kd3 Bg5 59. Bc4
Be7 1/2-1/2

[Event "Montcalm 4 2019-20"]
[Site "Quebec CAN"]
[Date "2020.02.06"]
[Round "5"]
[White "Servant, Michel"]
[Black "Bluteau, Yvon"]
[Result "1-0"]
[WhiteElo "1573"]
[BlackElo "1814"]
[PlyCount "103"]
[EventDate "2020.01.09"]
[EventType "swiss"]
[EventRounds "5"]
[EventCountry "CAN"]

1. c4 e5 2. Nc3 Bc5 3. g3 Nf6 4. Bg2 O-O 5. e3 Nc6 6. Nge2 Re8 7. O-O a6 8. d4
exd4 9. exd4 Bf8 10. Bg5 h6 11. Bxf6 Qxf6 12. Nd5 Qd8 13. Nef4 Ne7 14. Qh5 Nxd5
15. Bxd5 Qf6 16. Rae1 Rxe1 17. Rxe1 c6 18. Re8 d6 19. Ng6 Bg4 20. Rxf8+ Rxf8
21. Qxg4 cxd5 22. Nxf8 Kxf8 23. Qc8+ Ke7 24. Qxb7+ Ke8 25. Qxd5 g6 26. Qc6+ Ke7
27. Qd5 h5 28. c5 dxc5 29. Qxc5+ Kd7 30. Qd5+ Kc8 31. b4 g5 32. a4 Qg6 33. Qc5+
Kd7 34. Qd5+ Kc7 35. b5 axb5 36. axb5 Kb6 37. Qc5+ Kb7 38. Qd5+ Kb6 39. Kg2 f5
40. Qc5+ Kb7 41. d5 Kb8 42. b6 Kb7 43. Qc7+ Ka6 44. Qa7+ Kb5 45. b7 f4 46.
b8=Q+ Kc4 47. Qac7+ Kd4 48. Qb2+ Kxd5 49. Qd2+ Ke6 50. Qc6+ Kf5 51. Qxg6+ Kxg6
52. gxf4 1-0

[Event "Montcalm 5 2019-20"]
[Site "Quebec CAN"]
[Date "2020.02.13"]
[Round "1"]
[White "Boissinot, Claude"]
[Black "Bluteau, Yvon"]
[Result "0-1"]
[WhiteElo "1478"]
[BlackElo "1797"]
[PlyCount "70"]
[EventDate "2020.02.13"]
[EventType "swiss"]
[EventRounds "5"]
[EventCountry "CAN"]

1. e4 e5 2. Nf3 Nc6 3. Bc4 Bc5 4. b4 Bxb4 5. c3 Be7 6. O-O Nf6 7. d4 d6 8. Ng5
O-O 9. f4 h6 10. fxe5 dxe5 11. Nf3 Nxe4 12. d5 Bc5+ 13. Kh1 Na5 14. Bd3 Nf2+
15. Rxf2 Bxf2 16. Qd2 Bh4 17. Na3 Bf6 18. Bb2 Bg4 19. Rf1 a6 20. c4 Bxf3 21.
Rxf3 b6 22. Qe2 Re8 23. Qe4 g6 24. Rg3 Bg7 25. Bc1 f5 26. Qe2 e4 27. Bb1 Qf6
28. Rh3 g5 29. Nc2 Nb7 30. Qf2 Nc5 31. Ne3 Nd3 32. Bxd3 exd3 33. Nxf5 Qxf5 34.
Rf3 Qg6 35. h3 Rf8 0-1